Consideraciones sobre el proceso de formación de la periferia socioespacial : el caso de Salvador /

Desde hace algunos años, desde la década de los 80, se analizan los procesos de segregación urbana que originan desequilibrios en la convivencia poblacional. Las presiones de los grupos económicamente activos por adueñarse del suelo urbano son evidentes, en desmedro de la gente pobre que forma parte...

Full description

Bibliographic Details
Main Author: Fernandes, Rosali
Format: Analitica de revista
Language:Spanish
Published: Santiago, Chile Pontificia Universidad Católica de Chile 1998

MARC

LEADER 00000cab a2200000 a 4500
001 040636
003 UAHC_CL
005 20170803124458.0
008 051006b xx j 000 1 spa
040 |a UAHC_CL  |c UAHC_CL  |d UAHC_CL 
100 1 |a Fernandes, Rosali 
245 1 0 |a Consideraciones sobre el proceso de formación de la periferia socioespacial :  |b el caso de Salvador /  |c Rosali Fernandes. 
260 |b Pontificia Universidad Católica de Chile  |c 1998  |a Santiago, Chile 
300 |a pp. 101-105 
500 |a En: Revista de geografía norte grande, n˚25, 1998. pp.101-105. ISSN 0379-8682 
500 |a En: Revista de geografía norte grande, n°25, 1998. pp.101-105. ISSN 0379-8682 
500 |a En: Revista de geografÌa norte grande, nç25, 1998. pp.101-105. ISSN 0379-8682 
520 |a Desde hace algunos años, desde la década de los 80, se analizan los procesos de segregación urbana que originan desequilibrios en la convivencia poblacional. Las presiones de los grupos económicamente activos por adueñarse del suelo urbano son evidentes, en desmedro de la gente pobre que forma parte del quehacer citadino. Esta situación ocurre en países latinoamericanos y Brasil es un ejemplo de este proceso que tiene su hito importante en la ciudad de Salvador, capital de Bahía. 
520 |a Desde hace algunos años, desde la década de los 80, se analizan los procesos de segregación urbana que originan desequilibrios en la convivencia poblacional. Las presiones de los grupos económicamente activos por adueñarse del suelo urbano son evidentes, en desmedro de la gente pobre que forma parte del quehacer citadino. Esta situación ocurre en países latinoamericanos y Brasil es un ejemplo de este proceso que tiene su hito importante en la ciudad de Salvador, capital de Bahía. 
759 |a PP115 
773 0 |t Revista de geografía norte grande  |w 040513 
900 |a REV. GEOGR. NORTE GD.-25/98 
942 |c REVA 
952 |0 0  |1 0  |4 0  |6 REV___GEOGR__NORTE_GD_25_98_000000000000000  |7 0  |8 General  |9 76401  |a BC  |b BC  |c General  |d 2017-08-03  |l 0  |o REV. GEOGR. NORTE GD.-25/98  |p FICTICIO6253  |r 2019-01-08 00:00:00  |t 1  |w 2017-08-03  |y REVA 
999 |c 40636  |d 40636